| 000 | 00576nam a2200253Ia 4500 | ||
|---|---|---|---|
| 008 | 210210b2016 xxu||||| |||| 00| 0 eng d | ||
| 020 | _a9788121935210 | ||
| 041 | _aeng | ||
| 082 | _a581 VASB | ||
| 100 | _aVASHISHTA (B R) | ||
| 245 | _aBotany for degree students: part I algae | ||
| 260 |
_aRam Nagar _bS. Chand & Co. Ltd. _c2016 |
||
| 300 | _axii,612 | ||
| 650 | _astudents | ||
| 650 | _apart | ||
| 650 | _aI | ||
| 650 | _afor | ||
| 650 | _adegree | ||
| 650 | _aBotany | ||
| 650 | _aAlgae | ||
| 690 | _aBotany | ||
| 700 | _aSINHA (A K) | ||
| 906 | _a072631 | ||
| 999 |
_c122529 _d122529 |
||